ALL Napoleonic Wars Battles - Statistics

General Stats
  • This quiz has been taken 1,362 times
  • The average score is 18 of 122
Answer Stats
Date Battle % Correct
1815 Waterloo
92%
1812 Borodino
85%
1805 Austerlitz
81%
1813 Leipzig
68%
1805 Trafalgar
61%
1814 Paris
56%
1793 Toulon
53%
1806 Iena
52%
1800 Marengo
51%
1798 Pyramids
45%
1809 Wagram
43%
1807 Eylau
41%
1807 Friedland
41%
1805 Ulm
40%
1813 Dresden
38%
1812 Smolensk
38%
1798 Nile
35%
1796 Lodi
31%
1812 Salamanca
30%
1796 Arcole
28%
1809 Aspern-Essling
26%
1796 Mantua
26%
1799 Acre
25%
1815 Ligny
25%
1797 Rivoli
24%
1813 Vitoria
24%
1806 Auerstedt
23%
1812 Berezina
22%
1815 Quatre Bras
21%
1814 Toulouse
18%
1808 Zaragoza
17%
1799 Abukir
16%
1813 Hamburg
16%
1807 Danzig
15%
1813 Lützen
15%
1799 Zurich
15%
1813 Bautzen
14%
1796 Castiglione
14%
1799 Jaffa
14%
1811 Valencia
14%
1809 Porto
13%
1796 Bassano
12%
1810 Cadiz
12%
1812 Badajoz
11%
1808 Somosierra
11%
1808 Bailen
10%
1800 Hohenlinden
10%
1808 Corunna
9%
1809 Eckmuhl
9%
1813 Hanau
9%
1796 Mondovi
9%
1796 Montenotte
9%
1812 Riga
9%
1809 Talavera
9%
1814 Brienne
8%
1812 Burgos
8%
1796 Dego
8%
1812 Krasnoi
8%
1814 Laon
8%
1806 Lübeck
8%
1814 Reims
8%
1799 Novi
7%
1809 Ratisbon
7%
1812 Vitebsk
7%
1814 Arcis-sur-Aube
6%
1813 Dennewitz
6%
1805 Elchingen
6%
1813 Kulm
6%
1812 Maloyaroslavets
6%
1814 Montmirail
6%
1799 Mount Tabor
6%
1808 Vimeiro
6%
1814 Château-Thierry
5%
1812 Ciudad Rodrigo
5%
1814 Craonne
5%
1811 Fuentes de Onoro
5%
1809 Girona
5%
1813 Katzbach
5%
1811 Lissa
5%
1814 Montereau
5%
1806 Pultusk
5%
1799 Trebbia
5%
1814 Vauchamps
5%
1810 Bussaco
4%
1799 Cassano
4%
1799 El Arish
4%
1796 Lonato
4%
1796 Millesimo
4%
1806 Saalfeld
4%
1811 Tarragona
4%
1794 13 Vendémiaire
3%
1796 Borghetto
3%
1805 Dürenstein
3%
1814 Mormant
3%
1814 Orthez
3%
1796 Rovereto
3%
1812 Saltanovka
3%
1797 Tarvis
3%
1809 Teugen-Hausen
3%
1808 Tudela
3%
1797 Valvasone
3%
1811 Barrossa
2%
1813 Bidasoa
2%
1799 Castricum
2%
1796 Ceva
2%
1796 Fombio
2%
1800 Fort Bard
2%
1808 Medina del Rioseco
2%
1809 Raab
2%
1794 Saorgio
2%
1798 Shubra Khit
2%
1799 Bergen
1%
1806 Campo Tenese
1%
1806 Czarnowo
1%
1806 Gaeta
1%
1799 Krabbendam
1%
1806 Maida
1%
1805 Memmingen
1%
1813 Nivelle
1%
1807 Stralsund
1%
1809 Wörgl
1%
1799 Ostrach
0%
No matching quizzes found
Score Distribution
Percent of People with Each Score
Percentile by Number Answered
Your Score History
You have not taken this quiz